Jorge Vinatea Reinoso : (Record no. 21644)

000 -CABECERA
fixed length control field 01065nam a22002777a 4500
003 - IDENTIFICADOR DEL NÚMERO DE CONTROL
control field AR-CdUCM
008 - DATOS DE LONGITUD FIJA--INFORMACIÓN GENERAL
fixed length control field 190425b ||||| |||| 00| 0 spa d
020 ## - NÚMERO INTERNACIONAL ESTÁNDAR DEL LIBRO
ISBN 9786123182106
040 ## - FUENTE DE LA CATALOGACIÓN
Agencia/entidad que catalogó originalmente la obra MUNICIPALIDAD PROVINCIAL DEL CUSCO
Entidad que transcribió la catalogación BIBLIOTECA MUNICIPAL DEL CUSCO
082 ## - NÚMERO DE LA CLASIFICACIÓN DECIMAL DEWEY
No. de Clasificación 759.985/V66
Notacion interna V66
100 ## - ENTRADA PRINCIPAL--NOMBRE DE PERSONA
Nombre Personal Villanueva Ccahuana, Philarine
245 ## - MENCIÓN DE TÍTULO
Título Jorge Vinatea Reinoso :
Resto del título una propuesta indigenista en su lenguaje pictórico /
Mención de responsabilidad Philarine Villanueva Ccahuana
260 ## - PUBLICACIÓN, DISTRIBUCIÓN, ETC.
Lugar de publicación, distribución, etc. Lima ;
Nombre de la editorial, distribuidor, etc. Universidad Peruana de Ciencias Aplicadas,
Fecha de publicación, distribución, etc. 2019.
300 ## - DESCRIPCIÓN FÍSICA
Nº de Páginas Extensión 97 páginas. :
Otros detalles físicos ilustraciones en color ;
Dimensiones 29 cm.
505 ## - NOTA DE CONTENIDO CON FORMATO
Nota de contenido formateada Contenido: Su obra y sus críticos -- Estudio de su lenguaje -- Propuesta de su indigenismo.
650 ## - PUNTO DE ACCESO ADICIONAL DE MATERIA--TÉRMINO DE MATERIA
Descriptor Vinatea Reinoso, Jorge
9 (RLIN) 45645
650 ## - PUNTO DE ACCESO ADICIONAL DE MATERIA--TÉRMINO DE MATERIA
Descriptor Pintura
9 (RLIN) 3081
650 ## - PUNTO DE ACCESO ADICIONAL DE MATERIA--TÉRMINO DE MATERIA
Descriptor Pintores
9 (RLIN) 6624
650 ## - PUNTO DE ACCESO ADICIONAL DE MATERIA--TÉRMINO DE MATERIA
Descriptor Crítica de arte
9 (RLIN) 15801
650 ## - PUNTO DE ACCESO ADICIONAL DE MATERIA--TÉRMINO DE MATERIA
Descriptor Historia del arte
9 (RLIN) 1647
650 ## - PUNTO DE ACCESO ADICIONAL DE MATERIA--TÉRMINO DE MATERIA
Descriptor Siglo XX
9 (RLIN) 45646
650 ## - PUNTO DE ACCESO ADICIONAL DE MATERIA--TÉRMINO DE MATERIA
Descriptor Perú
9 (RLIN) 45647
710 ## - PUNTO DE ACCESO ADICIONAL--NOMBRE DE ENTIDAD CORPORATIVA
Nombre corporativo (En letras Mayúsculas) Universidad Peruana de Ciencias Aplicadas
9 (RLIN) 45331
942 ## - ELEMENTOS DE PUNTO DE ACCESO ADICIONAL (KOHA)
Fuente de clasificación
Tipo de item Libros-BMC
945 ## - PROCESAMIENTO DE INFORMACIÓN LOCAL (OCLC)
Catalogador Roel
Holdings
Estado de retiro (separado) Fuente de clasificación o esquema de estanterías Estado dañado Ubicación Sala donde se ubica Nombre de la colección Fecha de adquisición o compra Fuente de adquisición Costo, precio normal en soles Signatura topográfica Código de Barras Última vez visto (Koha) Tipo de ítem (Koha)
No     Sala Artes Sala Artes Book Cart 2020-10-23 Compra 50.00 759.985/V66 SA0000000716 2020-10-23 Libros-BMC
No     Sala Artes Sala Artes Book Cart 2020-10-23 Compra 50.00 759.985/V66/e.2 SA0000000717 2020-10-23 Libros-BMC

Powered by Koha